000
00291 a2200157 4500
001
169859
020
_a
040
_c
Magnum
100
_a
Gutierrez, Joaquim
240
1
0
_a
Cocori
_l
por
245
1
0
_a
Cocori
362
0
_a
1899
440
1
_a
Agir
697
_a
J/AVENTURA
942
_c
BK
999
_c
169859
_d
169859